[Event "Trieste Excelsior Palace op 1st"]
[Site "Trieste"]
[Date "2017.01.03"]
[Round "3"]
[White "Srebrnic, Vojko"]
[Black "Buzzurro, Mario"]
[Result "1-0"]
[WhiteElo "2088"]
[BlackElo "1720"]
[PlyCount "71"]
[EventDate "2017.01.02"]
[EventType "swiss"]
[EventRounds "7"]
[EventCountry "ITA"]
[SourceTitle "CBM 176 Extra"]
[Source "ChessBase"]
[SourceDate "2017.03.02"]
[SourceVersion "1"]
[SourceVersionDate "2017.03.02"]
[SourceQuality "1"]

1. Nf3 b6 2. g3 Bb7 3. Bg2 g5 4. d4 g4 5. Nh4 Nc6 6. h3 h5 7. Bg5 Bh6 8. Bxh6 Nxh6 9. Nc3 e6 10. Qd2 Qf6 11. e3 a5 12. 0-0-0 a4 13. a3 Ra5 14. e4 e5 15. Nd5 Rxd5 16. exd5 Nxd4 17. Rhe1 0-0 18. hxg4 Nxg4 19. f3 Nh6 20. f4 d6 21. fxe5 dxe5 22. Rf1 Qg7 23. Nf3 Nhf5 24. Nxd4 Nxd4 25. Rh1 Qg6 26. Qd3 f5 27. Bf3 Rd8 28. Bxh5 Qf6 29. Bf3 c5 30. Qe3 Kg7 31. Rh5 e4 32. Be2 Bxd5 33. Rdh1 Bg8 34. Bd1 b5 35. Rh6 Qf7 36. Qg5+ 1-0

[Event "Trieste op-A 06th"]
[Site "Trieste"]
[Date "2004.09.11"]
[Round "8"]
[White "Buzzurro, Mario"]
[Black "Zorat, Paolo"]
[Result "0-1"]
[WhiteElo "1700"]
[BlackElo "2000"]
[PlyCount "172"]
[EventDate "2004.09.04"]
[EventType "swiss"]
[EventRounds "9"]
[EventCountry "ITA"]
[SourceTitle "CBM 102 Extra"]
[Source "ChessBase"]
[SourceDate "2004.11.03"]
[SourceVersion "1"]
[SourceVersionDate "2004.11.03"]
[SourceQuality "1"]

1. d4 Nf6 2. e3 c5 3. c3 e6 4. Nf3 b6 5. b3 Bb7 6. Be2 d5 7. Bb2 Bd6 8. Nbd2 Nc6 9. Rc1 0-0 10. c4 cxd4 11. Nxd4 Nxd4 12. Bxd4 dxc4 13. Nxc4 Bb4+ 14. Kf1 Rc8 15. a3 Be7 16. b4 Qd5 17. f3 Rfd8 18. Kf2 Ng4+ 19. Ke1 e5 20. Bb2 Qe6 21. Qb3 b5 22. Nd2 Bd5 23. Qd3 Bc4 24. Qe4 f5 25. Bxc4 bxc4 26. Qb7 Nf2 27. Bc3 Nxh1 28. Kf1 Rd3 29. Ke2 Rcd8 30. Qb5 R3d5 31. Qxc4 Rxd2+ 32. Bxd2 Qxc4+ 33. Rxc4 Nf2 34. Rc7 Kf8 35. Rxa7 Nd3 36. g3 e4 37. f4 Rc8 38. h3 Rc2 39. Kd1 Ra2 40. Ra8+ Kf7 41. Ra7 Ke6 42. b5 Rxa3 43. b6 Rb3 44. b7 Nc5 45. g4 Rxb7 46. Ra8 Rb1+ 47. Kc2 Rh1 48. gxf5+ Kxf5 49. Ra5 Ke6 50. Bb4 Nd7 51. Ra6+ Kf7 52. Ra7 Bxb4 53. Rxd7+ Be7 54. Rd4 Rxh3 55. Rxe4 Rf3 56. Kd2 h5 57. Ke2 Rg3 58. Kf2 h4 59. Rc4 Rg4 60. Rc1 Ke6 61. Kf3 Rg3+ 62. Kf2 Kf5 63. Rc7 Bf6 64. Rc4 Kg4 65. Ra4 Rf3+ 66. Ke2 Kg3 67. Ra8 Kg2 68. Rh8 Rf2+ 69. Ke1 Bc3+ 70. Kd1 h3 71. Rh5 h2 72. Rg5+ Kf3 73. Rh5 Rf1+ 74. Kc2 h1Q 75. Rxh1 Rxh1 76. Kd3 Re1 77. f5 Rxe3+ 78. Kc4 Ke4 79. f6 Bxf6 80. Kc5 g5 81. Kd6 g4 82. Ke6 Rf3 83. Kf7 g3 84. Kg8 Bb2 85. Kh7 g2 86. Kh6 g1Q 0-1

[Event "Trieste op-A 06th"]
[Site "Trieste"]
[Date "2004.09.10"]
[Round "7"]
[White "Devetak, Robert"]
[Black "Buzzurro, Mario"]
[Result "0-1"]
[WhiteElo "1488"]
[BlackElo "1700"]
[PlyCount "114"]
[EventDate "2004.09.04"]
[EventType "swiss"]
[EventRounds "9"]
[EventCountry "ITA"]
[SourceTitle "CBM 102 Extra"]
[Source "ChessBase"]
[SourceDate "2004.11.03"]
[SourceVersion "1"]
[SourceVersionDate "2004.11.03"]
[SourceQuality "1"]

1. e4 b6 2. d4 e6 3. Nc3 Bb7 4. f4 Qh4+ 5. g3 Qd8 6. Nf3 h5 7. Be3 f5 8. e5 h4 9. Rg1 Nc6 10. Be2 hxg3 11. hxg3 Bb4 12. Qd3 Nge7 13. 0-0-0 Bxc3 14. Qxc3 Nd5 15. Qd3 Ncb4 16. Qb3 Nxe3 17. Qxe3 Nxa2+ 18. Kb1 Nb4 19. Rh1 Rg8 20. Qb3 Qe7 21. Rh7 0-0-0 22. Nh4 Bd5 23. Bc4 Be4 24. Bd3 Nxd3 25. cxd3 Bd5 26. Qb5 Kb7 27. Nxf5 Qf8 28. Nh4 Bc6 29. Qc4 g5 30. fxg5 Rxg5 31. Rg1 Qf2 32. Rc1 Rxg3 33. Rxd7 Bxd7 34. Qxc7+ Ka6 35. Qxd8 Qxd4 36. Rc3 Rxd3 37. Rxd3 Qxd3+ 38. Ka2 Qc4+ 39. Ka1 Qa4+ 40. Kb1 Qd1+ 41. Ka2 Qd5+ 42. b3 Qa5+ 43. Kb1 Qe1+ 44. Ka2 Qf2+ 45. Ka3 Qc5+ 46. Ka2 Qc2+ 47. Ka3 Qc1+ 48. Ka2 Qd2+ 49. Kb1 Kb5 50. Qe7 Bc6 51. Qh7 Kb4 52. Qe7+ Kxb3 53. Qxe6+ Bd5 54. Qh3+ Kb4 55. Qg4+ Bc4 56. e6 Kb3 57. Qf3+ Bd3+ 0-1

[Event "Trieste op-A 06th"]
[Site "Trieste"]
[Date "2004.09.09"]
[Round "6"]
[White "Buzzurro, Mario"]
[Black "Padovani, Alessio"]
[Result "0-1"]
[WhiteElo "1700"]
[BlackElo "1912"]
[PlyCount "92"]
[EventDate "2004.09.04"]
[EventType "swiss"]
[EventRounds "9"]
[EventCountry "ITA"]
[SourceTitle "CBM 102 Extra"]
[Source "ChessBase"]
[SourceDate "2004.11.03"]
[SourceVersion "1"]
[SourceVersionDate "2004.11.03"]
[SourceQuality "1"]

1. d4 f5 2. Nf3 e6 3. e3 Nf6 4. c3 d5 5. Bd3 c5 6. Nbd2 Bd6 7. Bb1 Nc6 8. 0-0 e5 9. dxe5 Nxe5 10. Nxe5 Bxe5 11. Nf3 Bd6 12. a3 b6 13. b4 0-0 14. Bb2 c4 15. Bc2 Bc7 16. Qd2 Be6 17. h3 Qd6 18. Rfe1 Ne4 19. Qd4 Rf6 20. Kf1 Rg6 21. Nh4 Rh6 22. Nf3 Rf8 23. b5 Rg6 24. a4 Nxf2 25. Re2 Nh1 26. Ba3 Ng3+ 27. Ke1 Nxe2 28. Bxd6 Nxd4 29. Nxd4 Bxd6 30. g4 Bd7 31. Kd2 Rh6 32. a5 Rxh3 33. axb6 Rh2+ 34. Ne2 axb6 35. Ra7 Be6 36. gxf5 Bxf5 37. Bd1 Bd3 38. Rd7 Bc5 39. Rxd5 Rff2 40. Rxd3 cxd3 41. Kxd3 Rh3 42. Bb3+ Kf8 43. Nd4 Bxd4 44. cxd4 Rff3 45. Be6 Rxe3+ 46. Kc4 Rxe6 0-1